000 00694nam a2200241Ia 4500
003 OSt
005 20220918191849.0
006 a|||||r|||| 00| 0
007 ta
008 220917b |||||||| |||| 00| 0 eng d
024 _a65,487
037 _cTextual
040 _aARTS
_cARTS
_beng
041 _2eng
_aeng
082 _aQ8451:(P), L1 (PD)
100 _aHaug Martin
_977406
245 0 _aEssays on the sacred language, writings and religion of the Parsis
260 _aAmsterdam
_bPhilo Press
_c1971
300 _axlviii,427p.
_ccm.
650 _aRELIGION; LINGUISTICS
_977407
942 _hQ8451:(P), L1 (PD)
_cTEXL
_2CC
999 _c191730
_d191730